00815nam a22002177a 4500999001500000001000500015003000900020005001700029008004100046020001500087040003800102082001900140100002000159245011700179260004300296300004100339504003900380650004900419942001200468952011700480 c2636d26361021BD-DhUAP20200226151441.0200226s1998 ii a|||| b||| 001 0 eng d a8190080911 aBD-DhUAPbEngcBD-DhUAPdBD-DhUAP 223a720.92 STE aSteele, James.  aThe complete architecture of Balkrishna Doshi : brethinking modernism for the developing world /cJames Steele. aMumbai : bSuper Book House,c ©1998. a208 pages :billustrations ;c27 cm. aIncludes bibliographies and index. aArchitecturevHistoryy20th century.zIndia. 2ddccBK 00102ddc4070aUAPCLbUAPCLcGeneral Stacksd2020-02-26o720.92 STEp3010001021r2020-02-26t1w2020-02-26yBK